000 00666nam a2200217Ia 4500
003 GCL
008 140319s9999 xx 000 0 ara d
040 _aGCL /
_cGCL
082 0 4 _aط
_b808.81
_bت ت
100 1 _aمحمود القاضى
245 1 0 _aتنويعات (مجموعة شعرية للاعزاء الصغار) /
_cمحمود القاضى
700 1 _aفؤاد بدوى
260 _a[S.N] :
_bالهيئة المصرية العامة للكتاب ،
_c1995
300 _a41 ص
490 _a
650 0 4 _aالاطفال
650 0 4 _aالشعر
650 0 4 _aالشعر - مجموعات
650 0 4 _aشعر الاطفال
942 _2ddc
_cBK
999 _c36999
_d36999